| 000 | 00757nam a2200301Ia 4500 | ||
|---|---|---|---|
| 008 | 160321s9999||||xx |||||||||||||| ||und|| | ||
| 040 | _cEnglish | ||
| 082 | _aXI.B Deshpande | ||
| 082 | _bBORI-61763 | ||
| 100 | _aUma Deshpande | ||
| 245 | 4 | _aThe Glimpses of Indological Heritage | |
| 250 | _bFirst | ||
| 260 | _aBaroda | ||
| 260 | _bGood Companions | ||
| 260 | _c1989 | ||
| 300 | _avii+199 | ||
| 300 | _cB | ||
| 300 | _eHardbound | ||
| 530 | _u00021366.PDF | ||
| 563 | _aStudy | ||
| 600 | _aUma Deshpande | ||
| 630 | _aThe Glimpses of Indological Heritage | ||
| 650 | _a"Social History, Culture" | ||
| 650 | _aGeneral Indology | ||
| 700 | _aUma Deshpande | ||
| 730 | _aThe Glimpses of Indological Heritage | ||
| 942 | _cBOOK | ||
| 999 |
_c1366992 _d1366989 |
||